| 000 | 00813nam a22002537a 4500 | ||
|---|---|---|---|
| 999 |
_c14958 _d14958 |
||
| 003 | AR-CdUCM | ||
| 008 | 190425b ||||| |||| 00| 0 spa d | ||
| 020 | _a978-1-4749-1661-5 | ||
| 040 |
_aMUNICIPALIDAD PROVINCIAL DEL CUSCO _cBIBLIOTECA MUNICIPAL DEL CUSCO |
||
| 041 | _hspa | ||
| 082 |
_aES / 808.83 / _bB28 |
||
| 100 |
_aBaum. L. Frank _931271 |
||
| 245 | _aEl maravilloso mago de Oz / | ||
| 260 |
_aReino Unido : _bUsborne Publishing, _c2016. |
||
| 300 |
_a244 páginas ; _bilustraciones, _c20 cm. |
||
| 440 |
_aOriginales ilustrados. _933941 |
||
| 500 | _aTexto íntegro. | ||
| 650 |
_aCuentos infantiles _93927 |
||
| 650 |
_aLiteratura infantil _9588 |
||
| 650 |
_aSiglo XXI _92856 |
||
| 700 |
_aÁlvarez Gómez, Lorena (ilistraciones) _933942 |
||
| 942 |
_2ddc _cLIBROS |
||
| 945 |
_aachl _d2019-04-25 |
||